000 00396nam a2200169Ia 4500
001 958
003 IN-NITTTR
005 20251114232906.0
008 251113s9999||||xx |||||||||||||| ||eng||
040 _beng
040 _cIN-NITTTR
041 _aeng
082 _a550 P213E
100 _aParbin Singh,
245 2 _aA text book of engineering & general geology. /
_cParbin Singh
942 _2ddc
_cBK
999 _c906
_d906